| 000 | 00645nam a22002057a 4500 | ||
|---|---|---|---|
| 003 | OSt | ||
| 005 | 20241211122142.0 | ||
| 008 | 241211b |||||||| |||| 00| 0 eng d | ||
| 020 | _a1567202713 | ||
| 040 |
_aMUST _cMUST |
||
| 082 |
_222 _a338.927 SCI 2000 |
||
| 245 |
_aScience, technology and innovation policy: _bopportunities and challenges for the knowledge economy/ _cedited by Pedro Conceicao |
||
| 260 |
_aLondon: _bQuorum Books, _c2000 |
||
| 300 |
_aix,578p., ill. _c24cm |
||
| 504 | _aincludes index | ||
| 650 | _2Technological Innovations | ||
| 650 | _2Science and Industry | ||
| 700 |
_aGibson, David V _919351 |
||
| 942 |
_2ddc _cO_SHELF |
||
| 999 |
_c9499 _d9499 |
||